UBT Library

Call Me by Name (Record no. 60969)

000 -LEADER
fixed length control field 00295nam a22001337a 4500
008 - FIXED-LENGTH DATA ELEMENTS--GENERAL INFORMATION
fixed length control field 260414b ||||| |||| 00| 0 eng d
020 ## - INTERNATIONAL STANDARD BOOK NUMBER
International Standard Book Number 189165408
041 ## - LANGUAGE CODE
Language code of text/sound track or separate title Shqip- Eng
080 ## - UNIVERSAL DECIMAL CLASSIFICATION NUMBER
Universal Decimal Classification number 00.1
100 ## - Rafti
Rafti 20
101 ## - Shkurtesa
Shkurtesa poezi
245 ## - TITLE STATEMENT
Title Call Me by Name
Statement of responsibility, etc Flora Brovina
942 ## - ADDED ENTRY ELEMENTS (KOHA)
Source of classification or shelving scheme
Item type Books
Holdings
Withdrawn status Lost status Source of classification or shelving scheme Damaged status Not for loan Collection code Permanent location Current location Date acquired Total Checkouts Barcode Date last seen Price effective from Koha item type
          Koleksioni i përgjithshem UBT - Lipjan UBT - Lipjan 04/14/2026   003-800070999636 04/14/2026 04/14/2026 Books
UBT Library © 2015-2024. All rights reserved University Education for Business and Technology